000 00452nam a2200145Ia 4500
008 151021s9999 xx 000 0 und d
020 _a132286211
050 _aLB 1139.25 .M66 2007
245 _a_Early Childhood Education Today (10th ed.) / George S. Morrison
260 _aNew Jersey : Pearson, 2007
300 _axxvi,566 p.: ill.
500 _aIncludes index
650 _a_Early Childhood Education
980 _a^d20110322 12:03:52^okilerai
999 _c6885
_d6885